Sociology (Record no. 76606)
[ view plain ]
| 000 -LEADER | |
|---|---|
| fixed length control field | 00646nam a2200157 a 4500 |
| 008 - FIXED-LENGTH DATA ELEMENTS--GENERAL INFORMATION | |
| fixed length control field | 120416s1962 ||||||||||||||||| || u |
| 050 ## - LIBRARY OF CONGRESS CALL NUMBER | |
| Classification number | HM 51 Bot |
| 100 ## - MAIN ENTRY--PERSONAL NAME | |
| Personal name | Bottomore, T. B |
| 245 10 - TITLE STATEMENT | |
| Title | Sociology |
| 246 ## - | |
| -- | a guide to problems and literature |
| 260 ## - PUBLICATION, DISTRIBUTION, ETC. | |
| Place of publication, distribution, etc. | London |
| Name of publisher, distributor, etc. | Unwin University Books |
| Date of publication, distribution, etc. | 1962 |
| 300 ## - PHYSICAL DESCRIPTION | |
| Extent | 330p. |
| 350 ## - | |
| -- | 0.00 |
| 995 ## - | |
| -- | BINDERY (DAMAGED) |
| -- | 0.00 |
| -- | 700098 |
| -- | CBU-MAIN LIBRARY (Kitwe) |
| -- | 2 |
| -- | 0.00 |
| -- | HM 51 Bot |
| -- | 1 |
| -- | DAMAGED |
| -- | 008472 |
| -- | Main Library Open Access Collection |
| 995 ## - | |
| -- | ANNEX COLLECTION (Main Library) |
| -- | 0.00 |
| -- | 008473 |
| -- | CBU-MAIN LIBRARY (Kitwe) |
| -- | 1 |
| -- | 0.00 |
| -- | HM 51 Bot |
| -- | AVAILABLE |
| -- | 008473 |
| -- | Annex Low-Usage Collection |
| 999 ## - | |
| -- | 76606 |
| -- | 76606 |
| Withdrawn status | Lost status | Source of classification or shelving scheme | Damaged status | Not for loan | Permanent Location | Current Location | Shelving location | Date acquired | Total Checkouts | Full call number | Barcode | Date last seen | Copy number | Price effective from | Koha item type |
|---|---|---|---|---|---|---|---|---|---|---|---|---|---|---|---|
| CBU-MAIN LIBRARY, KITWE. | CBU-MAIN LIBRARY, KITWE. | 04/25/2023 | HM 51 Bot | 008472 | 04/25/2023 | 1 | 04/25/2023 | MONOGRAPH | |||||||
| CBU-MAIN LIBRARY, KITWE. | CBU-MAIN LIBRARY, KITWE. | 04/25/2023 | HM 51 Bot | 008473 | 04/25/2023 | 2 | 04/25/2023 | MONOGRAPH |